Współczesne państwa Cesarstwa Meksykańskiego - Statystyki

Ogólne statystyki
  • Ten quiz został rozwiązany 137 razy
  • Średni wynik to 7 z 8
Statystyki odpowiedzi
% Państwa % Poprawnych
~24 Stany Zjednoczone
99%
100 Meksyk
97%
100 Honduras
94%
100 Salwador
90%
100 Kostaryka
89%
100 Nikaragua
89%
100 Belize
88%
100 Gwatemala
88%
Nie znaleziono quizów pasujących do podanych kryteriów
Rozkład punktacji
Procent ludzi z każdym wynikiem
Percentyl według liczby udzielonych odpowiedzi
Twoja historia wyników
Nie rozwiązałeś tego quizu